000 00195 a2200085 4500
245 _aPARTICIPATORY DEVELOPMENT
_hText
100 _aMAKUMBE JOHN MW
650 _aTHE CASE OF ZIMBABWE
005 20191021095104.0
084 _aNONE
999 _c11803
_d11803